000 00608nam a2200229 i 4500
003 DO-SdBNP
005 20230824111328.0
007 ta
008 180713s1979 000 spa d
040 _aDO-SdBNP
_bspa
_cBNPHU
_erda
082 _axxx
_bE562
_222
110 _911141
245 _aEncuentro con el merengue
264 1 _aSanto Domingo :
_bLeón Jimenes,
_c1979.
300 _a78 páginas
_c21 cm.
336 _2rdacontent
_atexto
_btxt
337 _2rdamedia
_asin mediación
_bn
338 _2rdacarrier
_avolumen
_bnc
590 _aInventariado, 2023 / DG
910 _aDG
942 _2ddc
_cLBS1
999 _c54510
_d54510